LEADER 01228nam0 22003011i 450 001 UON00435015 005 20231205104924.435 010 $a88-311-3188-5 100 $a20140129d2001 |0itac50 ba 101 $aita 102 $aIT 105 $a|||| 1|||| 200 1 $aCommento a Daniele$fTeodoreto di Cirro$gIntroduzione, traduzione e note a cura di Daniela Borrelli 210 $aRoma$cCittà Nuova Editrice$d2006 215 $a312 p.$d21 cm. 410 1$1001UON00088686$12001 $aCollana di testi patristici$v188 606 $aBIBBIA$xVecchio Testamento$xDaniele$3UONC021787$2FI 620 $aIT$dRoma$3UONL000004 676 $a224.5$cBIBBIA - Vecchio Testamento - Daniele$v21 700 0$aTHEODORETUS$cvescovo di Ciro$3UONV154543$0439989 702 1$aBORRELLI$bDaniela$3UONV219862 790 0$aTEODORETO DI CIRRO$zTHEODORETUS $3UONV154544 801 $aIT$bSOL$c20240220$gRICA 899 $aSIBA - SISTEMA BIBLIOTECARIO DI ATENEO$2UONSI 912 $aUON00435015 950 $aSIBA - SISTEMA BIBLIOTECARIO DI ATENEO$dSI BIBBIA NT COLL TP 0188 $eSI 8007 7 0188 996 $aCommento a Daniele$91328209 997 $aUNIOR LEADER 05016oam 2200721zu 450 001 9910829977003321 005 20220610194751.0 010 $a9786610555512 010 $a0-470-84666-6 010 $a1-280-55551-3 035 $a(CKB)111056485557296 035 $a(SSID)ssj0000119155 035 $a(PQKBManifestationID)11140933 035 $a(PQKBTitleCode)TC0000119155 035 $a(PQKBWorkID)10056819 035 $a(PQKB)10103156 035 $a(MiAaPQ)EBC4956314 035 $a(Au-PeEL)EBL4956314 035 $a(CaONFJC)MIL55551 035 $a(OCoLC)80970395 035 $a(EXLCZ)99111056485557296 100 $a20160829d2001 uy 101 0 $aeng 135 $aurcnu|||||||| 181 $ctxt 182 $cc 183 $acr 200 04$aThe cell cycle and development: Novartis Foundation symposium 237, volume 237 205 $a1st ed. 210 31$a[Place of publication not identified]$cWiley$d2001 215 $a1 online resource (268 pages) 225 1 $aNovartis Foundation Symposia ;$vv.293 300 $aBibliographic Level Mode of Issuance: Monograph 311 $a0-471-49662-6 311 $a0-470-85184-8 327 $aMachine generated contents note: Paul Nurse Introduction 1 -- Bruce A. Edgar, Jessica Britton, Aida Flor A. de la Cruz, Laura A. Johnston, -- Dara Lehman, Cristina Martin-Castellanos and David Prober -- Pattern- and growth-linked cell cycles in Drosophila development 3 -- Discussion 12 Wolf Reik, Karen Davies,Wendy Dean, Gavin Kelsey and Miguel Constancia -- Imprinted genes and the coordination of fetal and postnatal growth in -- mammals 19 Discussion 31 General discussion I 36 Christian F. Lehner, Henning W. Jacobs, K. Sauer and Claas A. Meyer -- Regulation of the embryonic cell proliferation by Drosophila cyclin D and cyclin E -- complexes 43 Discussion 54 James L. Maller, Stefan D. Gross, Markus S. Schwab, CarlaV. Finkielstein, -- Frederic E. Taieb and Yue-Wei Qian Cell cycle transitions in early Xenopus -- development 58 Discussion 73 Jacek Z. Kubiak and Maria A. Ciemerych Cell cycle regulation in early mouse -- embryos 79 Discussion 89 General discussion II Regulation of Drosophila imaginal disc growth by the -- insulin/IGF signalling pathway 93 -- Martin Raff, Jim Apperly,Toru Kondo,YasuhitoTokumoto and -- Dean Tang Timing cell-cycle exit and differentiation in oligodendrocyte -- development 100 Discussion 107 Kim Nasmyth, Jan-Michael Peters and Frank Uhlmann Splitting the -- chromosome: cutting the ties that bind sister chromatids 113 Discussion 133 William Chia,Yu Cai, Xavier Morin, Murni Tio, Gerald Udolph, Fengwei Yu -- and Xiaohang Yang The cell cycle machinery and asymmetric cell division of -- neural progenitors in the Drosophila embryonic central nervous system 139 Discussion 151 General discussion III Determining organ size 158 -- Pierre Gdnczy, Stephan Grill, Ernst H. K. Stelzer, Matthew Kirkham and -- Anthony A. Hyman Spindle positioning during the asymmetric first cell -- division of Caenorhabditiselegans embryos 164 Discussion 176 PeterJ. Bryant Growth factors controlling imaginal disc growth in Drosophila 182 Discussion 194 General discussion IV Spatial organization and the cell cycle 200 -- Victor Ambros The temporal control of cell cycle and cell fate in Caenorhabditis -- elegans 203 Discussion 214 Jessica Greenwood,Vincenzo Costanzo, Kirsten Robertson, Carmel Hensey and -- Jean Gautier Responses to DNA damage in Xenopus: cell death or cell cycle -- arrest 221 Discussion 230 Martin Hobe, Ulrike Brand, Richard Waites and Rildiger Simon Control of cell -- fate in plant meristems 235 Discussion 243 Final discussion 248 -- Index of contributors 252 -- Subject index 254. 330 $aThis book brings together scientists working at the interface between the cell cycle, cell growth and development in a variety of model systems and research paradigms. The focus is on understanding how such diverse developmental inputs can modulate cell cycle regulation and, reciprocally, how a common way of regulating cell cycle progression can participate in different developmental strategies. 410 0$aNovartis Foundation Symposia 606 $aCell Cycle 606 $aCell Differentiation 606 $aCell Division 606 $aDevelopmental Biology 606 $aBiology$2HILCC 606 $aHealth & Biological Sciences$2HILCC 606 $aCytology$2HILCC 608 $aCongress. 615 12$aCell Cycle. 615 22$aCell Differentiation. 615 22$aCell Division. 615 22$aDevelopmental Biology. 615 7$aBiology 615 7$aHealth & Biological Sciences 615 7$aCytology 676 $a571.84 702 $aCardew$b Gail 702 $aGoode$b Jamie 702 $aBock$b Gregory 712 02$aNovartis Foundation. 801 0$bPQKB 906 $aBOOK 912 $a9910829977003321 996 $aThe cell cycle and development: Novartis Foundation symposium 237, volume 237$93945589 997 $aUNINA LEADER 10023oam 2201345 c 450 001 9910372809503321 005 20260302090207.0 010 $a9783839402597 010 $a383940259X 024 7 $a10.14361/9783839402597 035 $a(CKB)3710000000482597 035 $a(SSID)ssj0001589071 035 $a(PQKBManifestationID)16275057 035 $a(PQKBTitleCode)TC0001589071 035 $a(PQKBWorkID)14872498 035 $a(PQKB)11753717 035 $a(DE-B1597)461341 035 $a(OCoLC)979816598 035 $a(OCoLC)980291780 035 $a(DE-B1597)9783839402597 035 $a(MiAaPQ)EBC6752054 035 $a(Au-PeEL)EBL6752054 035 $a(transcript Verlag)9783839402597 035 $a(oapen)https://directory.doabooks.org/handle/20.500.12854/32202 035 $a(MiAaPQ)EBC30591600 035 $a(Au-PeEL)EBL30591600 035 $a(ScCtBLL)4c858297-2dba-48f5-8ed8-2daa6021d847 035 $a(oapen)doab32202 035 $a(EXLCZ)993710000000482597 100 $a20260302h20152004 uy 0 101 0 $ager 135 $aur||||||||||| 181 $ctxt 182 $cc 183 $acr 200 04$aDie Berater$eIhr Wirken in Staat und Gesellschaft$fWerner Rügemer 205 $a1st ed. 210 $aBielefeld$ctranscript Verlag$d2015 210 $d2015, c2004 215 $a1 online resource 225 0 $aX-Texte zu Kultur und Gesellschaft 300 $aBibliographic Level Mode of Issuance: Monograph 311 08$a9783899422597 311 08$a3899422597 327 $aFrontmatter 1 Inhalt 5 Einleitung 7 Der Berater, seine Zeit, seine Kunden und sein Ko?rper. Aus dem Tagebuch eines Aussteigers 13 Wie ich zum ?whistle blower? wurde 26 Wirtschaftspru?fer und was ich mit ihnen erlebte 33 Neoliberale Think-Tanks in Deutschland 47 »Wir beraten nur« - Deutschlands einflussreichste Pharmalobbyistin. Ein Portrait 61 Der Mythos der o?konomischen Effizienz. Berater als Akteure der neoliberalen Globalisierung 68 Die ?unsichtbare Hand? des Marktes in der Schule 111 Hochschulen zwischen U?berrumpelung und Coaching 121 McKinsey beim Erzbischof 133 Kultur - Die subversive Kraft der Beratungen 143 Das »dortmund-project« 163 Beraten und verkauft: Die Kommunen 175 Die Beratungslust der Landesfu?rsten - Beispiel Bayern 201 Die Rolle der Berater in der Privatisierungsoffensive der EU 213 Beraterauftra?ge in o?ffentlichen Verwaltungen und Unternehmen (Auswahl) 231 Autoren 237 Namens-, Sach- und Firmenverzeichnis 239 Backmatter 244 330 $aUnternehmensberater, Wirtschaftsprüfer, Anwaltskanzleien und Think-Tanks stellen ein einflussreiches Netzwerk des Neoliberalismus dar, das in diesem Buch zum ersten Mal dargestellt wird. Traditionell in Privatunternehmen tätig, gestalten die Berater nun auch den Staat auf allen Ebenen nach privatwirtschaftlichen Kriterien um: in der Bundesagentur für Arbeit ebenso wie in Bundesministerien, in der Europäischen Kommission, in Landesregierungen und in den Kommunen, aber auch in Schulen, Hochschulen, Kirchen, Theatern, Bürgerzentren. Die Autoren geben Einblicke in Personal, Arbeitsweise und Gewinne der Beraterbranche, die von globalen Beratungsunternehmen beherrscht wird. Auch Aussteiger kommen ausführlich zu Wort. 330 1 $a»[Der Sammelband] liefert ein breites Panorama, das nicht nur Unternehmensberatungen, sondern auch Wirtschaftsprüfer und deren strukturellen und ideellen Hintergrund ins Visier nimmt. Die Autoren der Beiträge sind nicht nur Journalisten, sondern auch Aussteiger, Insider und Leidtragende, die sich kritisch mit dem Thema auseinandersetzen.[Man muss sich fragen], ob wir die Zukunft unserer öffentlichen Institutionen in die Hände dieses Berufszweiges legen sollten. Die fünfseitige Liste einer Auswahl von Berateraufträgen in öffentlichen Verwaltungen und Unternehmen zeigt, dass wir auf dem besten Wege sind, dies zu tun.« 330 1 $a»Berater und ihre Firmen als Teil eines weltweiten neoliberalen Netzwerks? Das klingt links überspitzt und paranoid. Rügemer und seinen Autoren gelingt jedoch der Nachweis.Der Band schärft ohne Zweifel den Blick auf die Beraterbranche. Die Konsequenz wird jedoch nicht sein keine Beratung, sondern welche.« 330 1 $a»Das von Werner Rügemer herausgegebene Buch widmet sich nun diesem Berater(un)wesen und wirft einige Schlaglichter auf die Tätigkeit dieser Beratungsgesellschaften, die lieber im Verborgenen wirken und das Licht der Öffentlichkeit weitestgehend scheuen.« 330 1 $a»Man gewinnt Einblicke in das Ausmaß, in dem kommerzielle Berater von staatlichen Stellen bzw. der EU-Kommission beauftragt werden.« 330 1 $a»Das Buch führt aus vielfältigen Blickwinkeln erfahrener Autoren den Beweis, dass viele der 'Sachzwänge', wie Globalisierung und demografische Entwicklung, die als Begründung für eine Politik des Abbaus des Sozialstaates angeführt werden, konstruiert, zumindest aufgeblasen, allerdings strategisch geschickt in die öffentliche Diskussion und die Köpfe vieler Politiker implantiert worden sind.« 330 1 $a»Der Band gibt einen hervorragenden Überblick über Arbeitsweisen, Personal und Gewinne der Beraterbranche.« 330 1 $a»Die Autoren geben Einblicke in Personal, Arbeitsweise und Gewinne der Beraterbranche, die von globalen Beratungsunternehmen beherrscht wird. Auch Aussteiger kommen ausführlich zu Wort.« 330 1 $a»Niemand kann um diesen Band herumkommen.« 330 1 $a»Das Buch bietet aber einen guten Einblick in die Vielfalt und das Ausmaß der Beratertätigkeiten. Hinter den Fassaden der Parteien, öffentlichen Institutionen und Unternehmen werden konkrete Akteure sichtbar, die weitgehend unkontrolliert und äußerst wirksam Einfluss ausüben.« 330 1 $a»Heutige 'Berater' brauchen sich vor ihren historischen Vorbildern nicht zu vestecken. Denn zumindest, wenn man dem Kölner Publizisten und Korruptionsexperten Werner Rügemer und seinem Team sachkundiger Autoren folgt, üben im Hintergrund agierende Beraterkonsortien [...] einen politischen Einfluss aus, von dem gewöhnliche Parlamente nicht einmal träumen können, vom gemeinen Wahlvolk ganz zu schweigen.Im Gegensatz zum 'bildungsbürgerlichen Affekt' gegen die schnöde 'Ökonomisierung der Politik' plädieren die Autoren aber [...] für eine demokratische Ökonomie, die dem sozialen Interesse der Mehrheit dienen müsse statt den Profit- und Machtbelangen der 'herrschenden Kapital und Konzernelite'.Die Bilanz des Herausgebers Rügemer ist, in Anlehnung an die französische Richterin Eva Joly, die die Ermittlungen im Falle Elf Aquitaine leitete, entsprechend düster: 'Die Freiräume des Kapitals, die durch die 'Berater' in Big Business und Staat möglich geworden sind, haben die Demokratie und den Rechtsstaat weltweit unterhöhlt und teilweise zerstört.'« 330 1 $a»Dass Werner Rügemer immer wieder seine Finger auf die versteckten und verdeckten Wunden von Wirtschaft, Staat und Gesellschaft legt und damit denen, die diese Wunden zu verstecken und zu verdecken versuchen, erhebliche Schmerzen zufügt, hat sich inzwischen ziemlich weit herumgesprochen.Selten habe ich so viel Wichtiges und Spannendes über unsere freiheitlich-demokratische Beraterordnung und ihre Akteure dazugelernt.« 330 1 $a»Das Buch hat einen urdemokratischen und aufklärerischen Anspruch. 'Leute, lasst euch doch nicht ins Bockshorn jagen!' Rügemers Kernkritik an den Beratungsunternehmen lautet: Kommerzielle Beratungsunternehmen sind aufgrund ihres Geschäftsmodells kaum dazu in der Lage, öffentliche Institutionen unabhängig zu beraten. Beratungsunternehmen sind darauf spezialisiert, privaten Unternehmen möglichst hohe Gewinne zu ermöglichen. Sie sind aber keine Experten darin, die Lasten für die Allgemeinheit zu reduzieren.« 330 1 $aBesprochen in:WDR 3 - Resonanzen, 01.12.2004, Hans-Detlev von KirchbachDas Parlament, 49 (2004), Matthias LohrerSaarländischer Rundfunk, 05.02.2005, Annette Keilhauerver.di NEWS, 2 (2005), Hermann ZöllnerBusiness Crime, 4 (2005), Hans SeeMünchner Stadtgespräche, 8 (2005), Andrea ReichePraxisjournal Buch, 7/8 (2005) 410 0$aX-Texte Zu Kultur und Gesellschaft 517 2 $aRügemer, Die Berater$eIhr Wirken in Staat und Gesellschaft 606 $aUnternehmensberatung 606 $aGlobalization 606 $aGlobalisierung 606 $aNeoliberalism 606 $aNeoliberalismus 606 $aMedia 606 $aMedien 606 $aCultural Policy 606 $aPolitics 606 $aGesundheitswesen 606 $aEconomy 606 $aHochschulpolitik 606 $aKulturpolitik 606 $aPolitical Adcovacy 606 $aHochhuth 606 $aPolitical Science 606 $aPeymann 606 $aEconomics 606 $aPolitik 606 $aWirtschaft 606 $aPolitikberatung 606 $aPolitikwissenschaft 606 $aWirtschaftswissenschaft 615 4$aUnternehmensberatung 615 4$aGlobalization 615 4$aGlobalisierung 615 4$aNeoliberalism 615 4$aNeoliberalismus 615 4$aMedia 615 4$aMedien 615 4$aCultural Policy 615 4$aPolitics 615 4$aGesundheitswesen 615 4$aEconomy 615 4$aHochschulpolitik 615 4$aKulturpolitik 615 4$aPolitical Adcovacy 615 4$aHochhuth 615 4$aPolitical Science 615 4$aPeymann 615 4$aEconomics 615 4$aPolitik 615 4$aWirtschaft 615 4$aPolitikberatung 615 4$aPolitikwissenschaft 615 4$aWirtschaftswissenschaft 676 $a650 702 $aRügemer$b Werner$p

Werner Rügemer, Universität zu Köln, Deutschland

$4edt 801 0$bDE-B1597 801 1$bDE-B1597 906 $aBOOK 912 $a9910372809503321 996 $aDie Berater$94414525 997 $aUNINA